ROMANCE OF TATA STEEL (Record no. 30337)

MARC details
000 -LEADER
fixed length control field 00322nam a2200133Ia 4500
008 - FIXED-LENGTH DATA ELEMENTS--GENERAL INFORMATION
fixed length control field 240624s9999 xx 000 0 und d
041 ## - LANGUAGE CODE
Language code of text/sound track or separate title eng
082 ## - DEWEY DECIMAL CLASSIFICATION NUMBER
Classification number 338.4366 LAL
100 ## - MAIN ENTRY--PERSONAL NAME
Personal name LALA R M
245 ## - TITLE STATEMENT
Title ROMANCE OF TATA STEEL
260 ## - PUBLICATION, DISTRIBUTION, ETC.
Date of publication, distribution, etc. 2007
Place of publication, distribution, etc. New Delhi
Name of publisher, distributor, etc. Penguin
300 ## - PHYSICAL DESCRIPTION
Extent xvi, 169 p.; 23 cm.
365 ## - TRADE PRICE
Currency code RS
Price amount 28.5
Holdings
Withdrawn status Lost status Damaged status Not for loan Home library Current library Shelving location Date acquired Cost, normal purchase price Total Checkouts Full call number Barcode Date last seen Date last checked out Copy number Price effective from Koha item type
        IMTN IMTN Rack 11-B 03/08/2018 499.00 1 338.4366 LAL 30337 07/14/2025 07/04/2025 1 06/24/2024 Books
Designed & Maintained by: LRC IMT Nagpur Contact: lrc@imtnag.ac.in© 2024. All Rights Reserved.